[Event "Belgrade-chT Quality"]
[Site "Belgrade"]
[Date "2021.10.17"]
[Round "2.5"]
[White "Djordjevic, Dragan"]
[Black "Cica, Dusan"]
[Result "1-0"]
[WhiteElo "2173"]
[BlackElo "2062"]
[PlyCount "135"]
[EventDate "2021.10.16"]
[EventType "team-tourn"]
[EventRounds "11"]
[EventCountry "SRB"]
[SourceTitle "EXT 2023"]
[Source "ChessBase"]
[SourceDate "2022.10.05"]
[SourceVersion "1"]
[SourceVersionDate "2022.10.05"]
[SourceQuality "1"]
[WhiteTeam "Belgrade Mladenovac"]
[BlackTeam "Belgrade Zemun Teleoptic"]
[WhiteTeamCountry "SRB"]
[BlackTeamCountry "SRB"]

1. e4 e5 2. Nf3 Nc6 3. Bb5 Nge7 4. 0-0 Ng6 5. c3 Be7 6. d4 0-0 7. dxe5 Ncxe5 8. Nxe5 Nxe5 9. f4 Bc5+ 10. Kh1 Nc6 11. Qh5 d6 12. Bxc6 bxc6 13. f5 f6 14. Nd2 Qe8 15. Qg4 Kf7 16. Nf3 Ba6 17. c4 Kg8 18. b3 d5 19. Bh6 Qf7 20. e5 fxe5 21. Nxe5 Qf6 22. Nd7 Qxh6 23. Nxc5 Bc8 24. Ne6 Bxe6 25. fxe6 Rxf1+ 26. Rxf1 Re8 27. Re1 Qd2 28. Qg3 d4 29. h4 Qh6 30. Re4 Rxe6 31. Rxd4 Rd6 32. Re4 Qf6 33. Qe1 h6 34. Re8+ Kf7 35. Re3 Re6 36. Rxe6 Qxe6 37. Qg3 Qd6 38. Qg4 c5 39. g3 Qe5 40. Qf3+ Ke7 41. Qf2 a5 42. Kh2 a4 43. bxa4 g5 44. hxg5 hxg5 45. Qc2 Qe6 46. a5 g4 47. a6 Qxa6 48. Qh7+ Ke8 49. Qg8+ Ke7 50. Qg7+ Ke8 51. Qxg4 Qxa2+ 52. Kh3 Qa6 53. Kh4 Qb6 54. Qg8+ Ke7 55. Qg7+ Ke8 56. Kh5 Qb4 57. Qe5+ Kd8 58. Qd5+ Kc8 59. g4 Qa3 60. Kg6 Kb8 61. g5 Qe3 62. Qf7 Qe4+ 63. Kg7 Qe5+ 64. Qf6 Qd4 65. g6 Qxc4 66. Kf8 Qg4 67. g7 Qc8+ 68. Ke7 1-0

[Event "Belgrade-chT Quality"]
[Site "Belgrade"]
[Date "2021.10.16"]
[Round "1.5"]
[White "Kutanjac, Aleksandar"]
[Black "Djordjevic, Dragan"]
[Result "0-1"]
[WhiteElo "1749"]
[BlackElo "2173"]
[PlyCount "100"]
[EventDate "2021.10.16"]
[EventType "team-tourn"]
[EventRounds "11"]
[EventCountry "SRB"]
[SourceTitle "EXT 2023"]
[Source "ChessBase"]
[SourceDate "2022.10.05"]
[SourceVersion "1"]
[SourceVersionDate "2022.10.05"]
[SourceQuality "1"]
[WhiteTeam "Belgrade Novi"]
[BlackTeam "Belgrade Mladenovac"]
[WhiteTeamCountry "SRB"]
[BlackTeamCountry "SRB"]

1. d4 d6 2. c4 Nd7 3. Nc3 c6 4. Nf3 Qc7 5. e3 e5 6. Bd3 Be7 7. 0-0 Nf8 8. d5 f5 9. e4 f4 10. Qa4 Bd7 11. b4 g5 12. dxc6 bxc6 13. b5 g4 14. Ne1 Nf6 15. c5 cxb5 16. Nxb5 Qxc5 17. Ba3 Qb6 18. Qb4 Bxb5 19. Bxb5+ Kf7 20. Nd3 Ng6 21. Rab1 Kg7 22. Rfc1 Rac8 23. Qa4 g3 24. Qa6 Rxc1+ 25. Rxc1 gxh2+ 26. Kxh2 Nxe4 27. f3 Nc5 28. Bxc5 dxc5 29. Qa4 Rd8 30. Nf2 Rd4 31. Rc4 Bh4 32. Ne4 Bg3+ 33. Nxg3 fxg3+ 34. Kxg3 Nf4 35. Rxd4 Qg6+ 36. Kf2 Qxg2+ 37. Ke3 cxd4+ 38. Ke4 Ng6 39. Qxa7+ Kh6 40. Qc5 Qxa2 41. Qc1+ Kg7 42. Bc4 Qf2 43. Be6 Qe2+ 44. Kd5 Qxf3+ 45. Kd6 Qf8+ 46. Kd5 Qa8+ 47. Kd6 Qd8+ 48. Bd7 Qe7+ 49. Kc7 e4 50. Qd1 Qe5+ 0-1

[Event "Belgrade-chT"]
[Site "Belgrade"]
[Date "2014.10.12"]
[Round "4"]
[White "Djordjevic, Dragan"]
[Black "Kovacic, Misa"]
[Result "1-0"]
[WhiteElo "2207"]
[BlackElo "2143"]
[PlyCount "65"]
[EventDate "2014.10.04"]
[EventType "team-tourn"]
[EventRounds "13"]
[EventCountry "SRB"]
[SourceTitle "EXT 2015"]
[Source "ChessBase"]
[SourceDate "2014.11.20"]
[SourceVersion "1"]
[SourceVersionDate "2014.11.20"]
[SourceQuality "1"]

1. e4 c5 2. Nf3 d6 3. d4 cxd4 4. Nxd4 Nf6 5. Nc3 g6 6. Be2 Bg7 7. 0-0 0-0 8. Nb3 Nc6 9. f4 Qb6+ 10. Kh1 Be6 11. g4 Rad8 12. g5 Nd7 13. f5 Bxb3 14. axb3 Rfe8 15. Bc4 Nde5 16. f6 Nxc4 17. bxc4 exf6 18. gxf6 Bf8 19. Qg4 Qd4 20. Qh4 Re5 21. Rg1 Rde8 22. Bh6 Rxe4 23. Nxe4 Rxe4 24. Qg5 Bxh6 25. Qxh6 Qxf6 26. Raf1 Qe7 27. Rf4 Nd4 28. Rgf1 f5 29. Qh3 Nxc2 30. Rxe4 Qxe4+ 31. Qf3 Qxc4 32. Rc1 Nd4 33. Qxb7 1-0

[Event "Belgrade-chT"]
[Site "Belgrade"]
[Date "2012.10.04"]
[Round "4.5"]
[White "Djordjevic, Dragan"]
[Black "Skaric, Djuro"]
[Result "0-1"]
[WhiteElo "2202"]
[BlackElo "2248"]
[PlyCount "110"]
[EventDate "2012.10.01"]
[EventType "team-tourn"]
[EventRounds "11"]
[EventCountry "SRB"]
[SourceTitle "CBM 150 Extra"]
[Source "ChessBase"]
[SourceDate "2012.10.19"]
[SourceVersion "1"]
[SourceVersionDate "2012.10.19"]
[SourceQuality "1"]
[WhiteTeam "Mladenovac"]
[BlackTeam "Belgrade Sigurnost"]
[WhiteTeamCountry "SRB"]
[BlackTeamCountry "SRB"]

1. e4 e6 2. d4 d5 3. Nd2 Nf6 4. e5 Nfd7 5. f4 c5 6. c3 Nc6 7. Ne2 Qb6 8. Nf3 Be7 9. g3 0-0 10. Bh3 f5 11. 0-0 Qc7 12. Kh1 b6 13. g4 g6 14. Rg1 Kh8 15. gxf5 gxf5 16. Ng5 Bxg5 17. fxg5 Rg8 18. g6 Rxg6 19. Bg5 Rxg5 20. Rxg5 Nf8 21. Nf4 Qf7 22. Qg1 cxd4 23. cxd4 Ne7 24. Qg3 Nfg6 25. Rg1 Ba6 26. Nh5 Rf8 27. Nf6 Qg7 28. Rh5 Rxf6 29. exf6 Qxf6 30. Qb8+ Kg7 31. Qf4 Kg8 32. Rhg5 Bd3 33. Bg2 Kf7 34. Qe3 f4 35. Qxd3 Qxg5 36. Bf3 Qf6 37. Re1 Nf8 38. Qe2 Neg6 39. Qf2 Kg7 40. Bg4 Qe7 41. Bh5 Qf6 42. Rc1 Qe7 43. Rc6 Qg5 44. Qf3 Qf5 45. Rc1 Kf6 46. Bg4 Nh4 47. Qe2 Qe4+ 48. Qxe4 dxe4 49. Rc6 f3 50. d5 Nf5 51. Rc8 Ng6 52. Bxf5 exf5 53. Re8 Kf7 54. Ra8 Nf4 55. d6 f2 0-1

[Event "Belgrade-chT"]
[Site "Belgrade"]
[Date "2011.10.12"]
[Round "11.4"]
[White "Djordjevic, Dragan"]
[Black "Peovic, Milos"]
[Result "0-1"]
[WhiteElo "2205"]
[BlackElo "2246"]
[PlyCount "60"]
[EventDate "2011.10.01"]
[EventType "team-tourn"]
[EventRounds "11"]
[EventCountry "SRB"]
[SourceTitle "CBM 144 Extra"]
[Source "ChessBase"]
[SourceDate "2011.10.28"]
[SourceVersion "1"]
[SourceVersionDate "2011.10.28"]
[SourceQuality "1"]
[WhiteTeam "Mladenovac"]
[BlackTeam "Belgrade Sigurnost"]
[WhiteTeamCountry "YUG"]
[BlackTeamCountry "YUG"]

1. e4 e6 2. d4 d5 3. Nd2 Nf6 4. e5 Nfd7 5. f4 c5 6. c3 Nc6 7. Ne2 b5 8. Nf3 Qa5 9. Bd2 b4 10. g3 Ba6 11. Bh3 g6 12. 0-0 Bd3 13. Rf2 Be7 14. cxb4 cxb4 15. g4 h5 16. Ng3 hxg4 17. Bxg4 Bf5 18. h3 Qb5 19. Be3 a5 20. Rc1 a4 21. Ng5 Qb6 22. Nxf5 gxf5 23. Bh5 Bxg5 24. fxg5 Ncxe5 25. Bf4 Nc4 26. g6 Rg8 27. Rg2 f6 28. g7+ Ke7 29. b3 axb3 30. axb3 Nd6 0-1

[Event "Belgrade-chT"]
[Site "Belgrade"]
[Date "2011.10.11"]
[Round "10.4"]
[White "Stamatovic, Aleksandar"]
[Black "Djordjevic, Dragan"]
[Result "1-0"]
[WhiteElo "2201"]
[BlackElo "2205"]
[PlyCount "91"]
[EventDate "2011.10.01"]
[EventType "team-tourn"]
[EventRounds "11"]
[EventCountry "SRB"]
[SourceTitle "CBM 144 Extra"]
[Source "ChessBase"]
[SourceDate "2011.10.28"]
[SourceVersion "1"]
[SourceVersionDate "2011.10.28"]
[SourceQuality "1"]
[WhiteTeam "Bogoslov"]
[BlackTeam "Mladenovac"]
[WhiteTeamCountry "YUG"]
[BlackTeamCountry "YUG"]

1. e4 c5 2. Nf3 Nc6 3. Bb5 g6 4. Bxc6 bxc6 5. 0-0 Bg7 6. Re1 e5 7. c3 Qb6 8. b3 Ba6 9. Bb2 c4 10. Ba3 c5 11. bxc4 Ne7 12. d4 exd4 13. cxd4 0-0 14. e5 Bxc4 15. Bxc5 Qd8 16. Na3 Bd5 17. Nb5 Nf5 18. Nc3 Bxf3 19. Qxf3 d6 20. exd6 Bxd4 21. Bxd4 Nxd4 22. Qd3 Qxd6 23. Rad1 Rad8 24. Qc4 Qf6 25. Nd5 Rxd5 26. Qxd5 Ne6 27. Qe5 Qh4 28. g3 Qa4 29. Rd2 h6 30. h4 Ng7 31. Qd4 Qa5 32. Re5 Qc7 33. Qc5 Qb8 34. Re7 Rc8 35. Qxa7 Qb1+ 36. Kg2 Rc1 37. Qa8+ Kh7 38. Rd8 Rg1+ 39. Kh2 g5 40. Rxf7 gxh4 41. Rh8+ Kg6 42. Rxg7+ Kf6 43. Qf8+ Ke6 44. Rxh6+ Kd5 45. Rd7+ Kc4 46. Qc8+ 1-0

[Event "Belgrade-chT"]
[Site "Belgrade"]
[Date "2011.10.02"]
[Round "2.5"]
[White "Mihajlovic, Miodrag"]
[Black "Djordjevic, Dragan"]
[Result "1-0"]
[WhiteElo "2177"]
[BlackElo "2205"]
[PlyCount "79"]
[EventDate "2011.10.01"]
[EventType "team-tourn"]
[EventRounds "11"]
[EventCountry "SRB"]
[SourceTitle "CBM 144 Extra"]
[Source "ChessBase"]
[SourceDate "2011.10.28"]
[SourceVersion "1"]
[SourceVersionDate "2011.10.28"]
[SourceQuality "1"]
[WhiteTeam "Romanticari"]
[BlackTeam "Mladenovac"]
[WhiteTeamCountry "YUG"]
[BlackTeamCountry "YUG"]

1. Nf3 Nf6 2. d4 e6 3. c4 Be7 4. Nbd2 d6 5. b3 Nbd7 6. Bb2 c6 7. e3 Qc7 8. Bd3 0-0 9. 0-0 Re8 10. Rc1 b6 11. b4 Bb7 12. e4 e5 13. d5 a5 14. a3 Qb8 15. Nh4 axb4 16. axb4 b5 17. dxc6 Bxc6 18. Nf5 Bf8 19. Qb3 Qb7 20. cxb5 Bxb5 21. Nc4 Bxc4 22. Bxc4 Nb6 23. Bb5 Rec8 24. Qf3 Ra2 25. Qb3 Ra7 26. Rxc8 Nxc8 27. Bd3 Nxe4 28. Qc2 Nf6 29. f4 e4 30. Bc4 d5 31. Bxf6 gxf6 32. Bxd5 Qxd5 33. Qxc8 Rd7 34. Ne3 Qd4 35. Kh1 Qd3 36. h3 Qb5 37. Rc1 Kg7 38. Rc5 Bxc5 39. Nf5+ Kg6 40. Qg8+ 1-0

[Event "Belgrade-chT"]
[Site "Belgrade"]
[Date "2011.10.01"]
[Round "1.3"]
[White "Djordjevic, Dragan"]
[Black "Kostic, Branimir"]
[Result "1-0"]
[WhiteElo "2205"]
[BlackElo "2250"]
[PlyCount "51"]
[EventDate "2011.10.01"]
[EventType "team-tourn"]
[EventRounds "11"]
[EventCountry "SRB"]
[SourceTitle "CBM 144 Extra"]
[Source "ChessBase"]
[SourceDate "2011.10.28"]
[SourceVersion "1"]
[SourceVersionDate "2011.10.28"]
[SourceQuality "1"]
[WhiteTeam "Mladenovac"]
[BlackTeam "Post Stedionica"]
[WhiteTeamCountry "YUG"]
[BlackTeamCountry "YUG"]

1. e4 c5 2. Nf3 d6 3. d4 cxd4 4. Nxd4 Nf6 5. Nc3 a6 6. Be2 e5 7. Nf5 Nxe4 8. Nxg7+ Bxg7 9. Nxe4 d5 10. Ng3 Be6 11. Nh5 Bf8 12. f4 Nd7 13. 0-0 Qb6+ 14. Kh1 f6 15. fxe5 fxe5 16. Bg5 Rg8 17. Nf6+ Nxf6 18. Bxf6 Bd6 19. c4 d4 20. b4 Qc7 21. Qd3 Qc6 22. Bh5+ Kd7 23. Bf3 Qxc4 24. Qxh7+ Bf7 25. Rac1 Qe6 26. Bxb7 1-0

[Event "SRB-chT"]
[Site "Belgrade"]
[Date "2010.10.06"]
[Round "6"]
[White "Djordjevic, Dragan"]
[Black "Ugrenovic, Bozidar"]
[Result "1/2-1/2"]
[WhiteElo "2231"]
[BlackElo "2102"]
[PlyCount "57"]
[EventDate "2010.10.01"]
[EventType "team-tourn"]
[EventRounds "11"]
[EventCountry "YUG"]
[SourceTitle "CBM 138 Extra"]
[Source "ChessBase"]
[SourceDate "2010.10.29"]
[SourceVersion "1"]
[SourceVersionDate "2010.10.29"]
[SourceQuality "1"]

1. e4 c5 2. Nf3 Nc6 3. d4 cxd4 4. Nxd4 e5 5. Nb3 Nf6 6. Bc4 Nxe4 7. Bxf7+ Kxf7 8. Qd5+ Ke8 9. Qxe4 d5 10. Qe2 Be7 11. f4 e4 12. 0-0 Kf7 13. c4 Qb6+ 14. Kh1 dxc4 15. Qxc4+ Be6 16. Qxe4 Rhd8 17. Be3 Qb4 18. Qxh7 Bxb3 19. axb3 Qxb3 20. Nc3 Bf6 21. Ne4 Qxe3 22. Ng5+ Kf8 23. Rae1 Qb3 24. Re6 Ne7 25. Qh5 Kg8 26. Qh7+ Kf8 27. Qh5 Kg8 28. Qf7+ Kh8 29. Qh5+ 1/2-1/2

[Event "YUG Cup"]
[Site "Ulcinj"]
[Date "1997.??.??"]
[Round "?"]
[White "Djordjevic, Dragan"]
[Black "Stamenkovic, Zoran"]
[Result "0-1"]
[WhiteElo "2340"]
[BlackElo "2415"]
[PlyCount "102"]
[EventDate "1997.??.??"]
[EventType "team"]
[EventRounds "7"]
[EventCountry "YUG"]
[SourceTitle "EXT 1999"]
[Source "ChessBase"]
[SourceDate "1998.11.16"]
[SourceVersion "1"]
[SourceVersionDate "1998.11.16"]
[SourceQuality "1"]

1. e4 e6 2. d4 d5 3. Nd2 Nf6 4. e5 Nfd7 5. f4 c5 6. c3 Nc6 7. Ndf3 Qb6 8. Ne2 f6 9. a3 Be7 10. b4 cxd4 11. cxd4 0-0 12. Nc3 fxe5 13. Na4 Qc7 14. dxe5 a5 15. b5 Ncxe5 16. fxe5 Rxf3 17. Qxf3 Qxe5+ 18. Kf2 Qxa1 19. Bb2 Bc5+ 20. Kg3 Qe1+ 21. Kh3 Be7 22. g3 Ne5 23. Bxe5 Qxe5 24. Nb6 Rb8 25. Bd3 Qc7 26. Rf1 Bf6 27. Bxh7+ Kf8 28. Nxc8 Rxc8 29. Re1 Qd6 30. Qg4 Ke7 31. Bf5 Rh8+ 32. Kg2 e5 33. Rc1 Qxa3 34. Rc7+ Kd6 35. Rd7+ Kc5 36. Qd1 Qb2+ 37. Bc2 Qd4 38. Bd3 e4 39. Qc1+ Kb4 40. Be2 Qb2 41. Qxb2+ Bxb2 42. Rxb7 a4 43. Ra7 a3 44. h4 Bd4 45. Ra6 Rf8 46. b6 Rf2+ 47. Kh3 Rxe2 48. b7 Be5 49. Re6 Kc4 50. Rxe5 Rb2 51. Re8 Rxb7 0-1

[Event "YUG-chT"]
[Site "Nis"]
[Date "1994.??.??"]
[Round "?"]
[White "Cabrilo, Goran"]
[Black "Djordjevic, Dragan"]
[Result "1-0"]
[WhiteElo "2480"]
[BlackElo "2285"]
[PlyCount "68"]
[EventDate "1994.10.??"]
[EventType "team"]
[EventRounds "11"]
[EventCountry "YUG"]
[SourceTitle "EXT 1997"]
[Source "ChessBase"]
[SourceDate "1996.11.15"]
[SourceVersion "1"]
[SourceVersionDate "1996.11.15"]
[SourceQuality "1"]

1. e4 c5 2. Nf3 Nc6 3. d4 cxd4 4. Nxd4 g6 5. c4 Bg7 6. Be3 Nf6 7. Nc3 Ng4 8. Qxg4 Nxd4 9. Qd1 Ne6 10. Rc1 b6 11. Qd2 h5 12. Be2 Bb7 13. 0-0 Nc5 14. f3 a5 15. b3 Bc6 16. Rfd1 Rg8 17. Bf1 Be5 18. Bd4 Bb8 19. Nd5 g5 20. e5 Ba7 21. Re1 Ne6 22. Bf2 h4 23. a3 Bxd5 24. cxd5 Nf4 25. Bb5 e6 26. dxe6 fxe6 27. Red1 Nd5 28. g3 Rc8 29. Rc4 Rg7 30. gxh4 Rxc4 31. bxc4 Nf4 32. Kf1 Qe7 33. hxg5 Nh3 34. Qd6 Qf7 1-0

[Event "YUG-chT"]
[Site "Nis"]
[Date "1994.??.??"]
[Round "?"]
[White "Djordjevic, Dragan"]
[Black "Marjanovic, Slavoljub"]
[Result "0-1"]
[WhiteElo "2285"]
[BlackElo "2425"]
[PlyCount "96"]
[EventDate "1994.10.??"]
[EventType "team"]
[EventRounds "11"]
[EventCountry "YUG"]
[SourceTitle "EXT 1997"]
[Source "ChessBase"]
[SourceDate "1996.11.15"]
[SourceVersion "1"]
[SourceVersionDate "1996.11.15"]
[SourceQuality "1"]

1. e4 c5 2. Nf3 e6 3. d4 cxd4 4. Nxd4 Nc6 5. Be2 Nf6 6. Bf3 Qa5+ 7. Bd2 Qc7 8. Nb3 Ne5 9. 0-0 Bd6 10. g3 Nxf3+ 11. Qxf3 Be5 12. Nc3 a6 13. Qd3 b5 14. f4 Bxc3 15. Bxc3 Bb7 16. Rae1 0-0 17. Bxf6 gxf6 18. f5 e5 19. Qe3 Rac8 20. Qh6 Qb6+ 21. Qe3 Qxe3+ 22. Rxe3 Rxc2 23. Rd1 Rd8 24. Rd2 Rxd2 25. Nxd2 Kf8 26. Kf2 Rc8 27. Rc3 Rxc3 28. bxc3 Ke7 29. Ke3 d5 30. exd5 Bxd5 31. a3 Kd6 32. g4 Kc5 33. h4 h6 34. Kd3 Bg2 35. Ke3 Kb6 36. Kf2 Bd5 37. Nf1 Bb3 38. Kg2 Ka5 39. Ng3 Bd1 40. Kh3 Ka4 41. Ne4 Kxa3 42. Nxf6 a5 43. g5 hxg5 44. hxg5 Bc2 45. Kg4 a4 46. Nd7 Kb2 47. c4 a3 48. g6 Bxf5+ 0-1